[Event "SEMI B034 email"]
[Site "SEMI email"]
[Date "2003.02.12"]
[Round "?"]
[White "Residori, Tommaso"]
[Black "Clerici, Gianni"]
[Result "1-0"]
[WhiteElo "1000"]
[BlackElo "1000"]
[PlyCount "31"]
[EventDate "2003.02.12"]
[EventType "tourn (corr)"]
[EventRounds "6"]
[EventCountry "ITA"]
[SourceTitle "Corr 2008"]
[Source "ChessBase"]
[SourceDate "2008.06.24"]
[SourceVersion "1"]
[SourceVersionDate "2008.06.24"]
[SourceQuality "1"]

1. e4 c5 2. Bc4 Nc6 3. Nh3 e6 4. Qh5 Nf6 5. Qh4 Be7 6. Nc3 d5 7. Bb5 Nxe4 8. Qg4 0-0 9. Nxe4 Nd4 10. Bd3 f5 11. Qh5 fxe4 12. Bxe4 dxe4 13. 0-0 Nxc2 14. Rb1 Qd5 15. Qxd5 exd5 16. b3 1-0